<?xml version="1.0" encoding="UTF-8"?>
<collection xmlns="http://www.loc.gov/MARC21/slim">
    <record>
        <controlfield tag="001">45730</controlfield>
        <controlfield tag="005">20170831220521.0</controlfield>
        <datafield tag="037" ind1=" " ind2=" ">
            <subfield code="a">GDOC-2010-1138</subfield>
        </datafield>
        <datafield tag="041" ind1=" " ind2=" ">
            <subfield code="a">spa</subfield>
        </datafield>
        <datafield tag="100" ind1=" " ind2=" ">
            <subfield code="0">(orcid)0000-0002-9777-5245</subfield>
            <subfield code="a">Gaspar Lorenz, Francisco José</subfield>
        </datafield>
        <datafield tag="245" ind1="0" ind2="0">
            <subfield code="9">66410</subfield>
            <subfield code="a">Métodos matemáticos en ingeniería mecánica</subfield>
        </datafield>
        <datafield tag="260" ind1=" " ind2=" ">
            <subfield code="a">Zaragoza</subfield>
            <subfield code="b">Universidad de Zaragoza</subfield>
            <subfield code="c">2010-2011</subfield>
        </datafield>
        <datafield tag="520" ind1=" " ind2=" ">
            <subfield code="a">En primer lugar, la asignatura proporciona al estudiante las bases para obtener formulaciones variacionales de problemas elípticos en derivadas parciales como punto de partida para una sistematización del estudio de existencia, unicidad y estabilidad del problema infinito dimensional así como de su aproximación por problemas en  dimensión finita con solución única y adecuadas propiedades de estabilidad y convegencia. En segundo lugar, enlazando con el punto anterior, se proporciona al estudiante los fundamentos teóricos y prácticos necesarios para la resolución eficiente de los grandes sistemas de ecuaciones a resolver que resultan de discretizar las ecuaciones que modelan los problemas de la física y de la ingeniería. Finalmente, a lo largo del curso se enfatiza en la componente computacional, ya que uno de los principales objetivos de la asignatura es que el estudiante sepa implementar los métodos y técnicas más potentes en la resolución de los sistemas.</subfield>
        </datafield>
        <datafield tag="521" ind1=" " ind2=" ">
            <subfield code="9">653</subfield>
            <subfield code="a">Máster Universitario en Mecánica Aplicada</subfield>
        </datafield>
        <datafield tag="540" ind1=" " ind2=" ">
            <subfield code="a">by-nc-sa</subfield>
            <subfield code="b">Creative Commons</subfield>
            <subfield code="c">3.0</subfield>
            <subfield code="u">http://creativecommons.org/licenses/by-nc-sa/3.0/</subfield>
        </datafield>
        <datafield tag="700" ind1=" " ind2=" ">
            <subfield code="0">(orcid)0000-0003-2538-9027</subfield>
            <subfield code="a">Gracia Lozano, José Luis</subfield>
        </datafield>
        <datafield tag="700" ind1=" " ind2=" ">
            <subfield code="0">(orcid)0000-0003-2183-2159</subfield>
            <subfield code="a">Celorrio De Pablo, Ricardo</subfield>
        </datafield>
        <datafield tag="830" ind1=" " ind2=" ">
            <subfield code="9">325</subfield>
        </datafield>
        <datafield tag="856" ind1="4" ind2=" ">
            <subfield code="s">77727</subfield>
            <subfield code="u">http://zaguan.unizar.es/record/45730/files/guia.pdf</subfield>
            <subfield code="y">Guía (idioma español)</subfield>
        </datafield>
        <datafield tag="980" ind1=" " ind2=" ">
            <subfield code="a">GDOC</subfield>
            <subfield code="b">Ingeniería y Arquitectura</subfield>
            <subfield code="c">106</subfield>
        </datafield>
    </record>

    
</collection>